MDQL
is popping MORE tags! Check the
thread
!
Quizzes
Events
Quiz Creation
Community
Videos
Private Events
Remove Ads
Sign In
Join for FREE
Feedback
Dark Mode
Quiz Categories
Sports
Geography
Music
Movies
Television
Just For Fun
Miscellaneous
History
Literature
Language
Science
Gaming
Entertainment
Religion
Holiday
For Kids
Quiz Lab
Recent
Popular Today
Quiz Kudos Today
Editor Picks
Curator Picks
Quizzes by...
Day
Popularity
Type
Ratings
Length
Year
Community
Subscriptions
Recent Discussions
Orange Saloon
Badges
Playlists
Quests
Create
Leaderboards
Showdown
Live 5
Trivia Bingo
Activity
Puzzle Library
Sporcle Events
Private Events
Virtual Trivia
Globe League
Become a Host
Pub Owners
SporcleCon
Opinionation
Our Games
Videos
Blog
Mobile Apps
Partnerships
Remove Ads and Go Orange
Feedback
Movies
Disney
Marvel Cinematic Universe
Movie Resume
Movie Titles
Oscar
Actor
Actress
Director
Pixar
Role
Movie Quotes
Movie Characters
Box Office
Nominee
Best Picture
Star Wars
James Bond
Horror Movies
Movies
Disney
Marvel Cinematic Universe
Movie Resume
Movie Titles
Oscar
Actor
Actress
Director
Pixar
Role
Movie Quotes
Movie Characters
Box Office
Nominee
Best Picture
Star Wars
James Bond
Horror Movies
Random Quiz
Search Sporcle
×
Editor Pick
Editor Pick
Movies
Sibling
Type in answers that appear in a list
Type in answers that appear in a list
Classic
Best Score? Go Orange.
Big Screen Siblings Stats
Can you name the movie based on the first names of a set of sibling characters?
By
Juvo415
4m
30 Questions
1,903 Plays
1,903 Plays
1,903 Plays
Comments
Comments
Give Quiz Kudos
Give Quiz Kudos
-
- Ratings
hide this ad
Forced Order
Answers have to be entered in order
Answers have to be entered in order
Random Order
Randomize order of answers
Randomize order of answers
Replay
Link that replays current quiz
Next Quiz
Link to next quiz in quiz playlist
You Got
0%
They Got
Avg Score
46%
Avg Friend Score
Upgrade to see
Score Distribution
Jump to the score distribution portion of the page
Score
0/30
Timer
04:00
0
Plays Today
Siblings
Movie
% Correct
Mufasa and Scar
The Lion King
93.2%
Bart, Lisa, and Maggie
The Simpsons Movie
92.4%
Leia and Luke
Star Wars
85.2%
Anastasia, Cinderella, and Drizella
Cinderella
80.3%
Ferris and Jeanie
Ferris Bueller's Day Off
79.1%
Bill, Charlie, Fred, George, Ginny, Percy, and Ron
Harry Potter and the Deathly Hallows: Part 2
77.3%
Edmund, Lucy, Peter, and Susan
The Chronicles of Narnia: The Lion, the Witch, and the Wardrobe
66.8%
Jem and Scout
To Kill A Mockingbird
66.4%
Connie, Fredo, Michael, and Sonny
The Godfather
63.8%
Amy, Beth, Jo, and Meg
Little Women
61.7%
Dil and Tommy
The Rugrats Movie
60.1%
Commodus and Lucilla
Gladiator
53.9%
Charlie and Raymond
Rain Man
49.9%
Elliott, Gertie, and Michael
E.T. the Extra-Terrestrial
48.3%
Elwood and Jake
The Blues Brothers
47.2%
Siblings
Movie
% Correct
Buzz, Jeff, Kevin, Linnie, and Megan
Home Alone
46.7%
Donnie and Elizabeth
Donnie Darko
41.1%
Bianca and Kat
10 Things I Hate About You
41%
Annie and Hallie
The Parent Trap
33.5%
Dicky and Micky
The Fighter
30.3%
Elizabeth, Jane, Kitty, Lydia, and Mary
Pride & Prejudice
29.5%
Hannah, Holly, and Lee
Hannah and Her Sisters
26.5%
Dwayne and Olive
Little Miss Sunshine
21.5%
Judy and Peter
Jumanji
18%
Anne and Mary
The Other Boleyn Girl
17.3%
Laurie and Michael
Halloween
17.1%
Lex and Tim
Jurassic Park
15.6%
David and Linus
Sabrina
12.3%
Eli, Mary, and Paul
There Will Be Blood
9.7%
Cal and Aron
East of Eden
9.4%
Quiz Playlist
Details
Report
Send in Message
Add To Playlist
Classic:
Type in answers that appear in a list
Forced Order:
Answers have to be entered in order
Random Order:
Randomize order of answers
Last Updated: Feb 16, 2017
Editor Pick in
Movies
Quiz Scoreboard
CHALLENGE
Sign Up to Join the Scoreboard
Show All
Scores
Hide
Comments
May contain spoilers
Recently Published
5x2 Blitz: Bands
by SL_Kpop136
Music
30s
Colored Red Africa Blitz
by spor1
Geography
30s
Find the 'City' Movie
by crazypaving
Movies
60s
More to Explore
Quiz From the Vault
Featured Blog Post
14 Easter Pick-up Lines to Find Eggs With
hide this ad
You Might Also Like...
Tags
Brother
Family
Sibling
Sister
Today's Top Quizzes in Movies
Browse Movies
hide this ad
Today's Top Quizzes in Sibling
Browse Sibling
Top Contributed Quizzes in Movies
1
Find The 'Big' Movie
2
Find The 'Blue' Movie
3
Find The 'Wild' Movie
4
Movies By Plot
5
Hidden Star Wars Character II
6
Pick 5 Posters: Directed by Spielberg
7
Hidden Star Wars Character III
8
Hidden Star Wars Character IV
9
25 Best Actor Nominees (1990s)
10
Alfred Hitchcock Movies by Plot
Explore More
Trending Topics
Harry Potter
Kpop
Disney
Marvel
NBA
Anime
Crossword
NFL
WWE
Pokémon
Soccer
Puzzle
The Office
Song
Country
hide this ad
More By:
Juvo415
Quiz
Plays
Rating
Category
Featured
Created
Nickelodeon Show by Image
135,382
4.57
Television
Feb 1, 2012
'Per Capita' Quiz
112,335
4.10
Miscellaneous
Nov 21, 2010
Military by Numbers
110,733
4.69
Geography
Nov 7, 2011
Shakespeare or Fake-speare?
110,634
4.37
Literature
Jun 15, 2012
50 Opening Lines
107,281
4.52
Movies
Apr 16, 2012
Go to Creator's Profile
Score Distribution
Quiz Creator Spotlight
Juvo415
Follow
Send a Message
Quizzes Created
-
Created Quiz Play Count
-
More By This Creator
Popular Quizzes Today
1
Colored Red Africa Blitz
2
Find the 'City' Movie
3
Find the US States - No Outlines Minefield
4
5x2 Blitz: Bands
5
The Countries of the World
6
Find the US States
7
Find the Countries of Europe - No Outlines Minefield
8
US States
More Movies Quizzes
Movie Quote: Speed Game
Quiz Lab
Trending Quizzes
Colored Red Europe Blitz I
Colored Red Europe Blitz II
Colored Red Africa Blitz II
Colored Red Europe Blitz III
Colored Red Africa Blitz III
Recently Updated
How Do You Spell That?
pecheneg
Godzilla Movies
pecheneg
Grab Bag: 4-10 Letters
pecheneg
2024 March Madness Bracket
pecheneg
Famous TV Couples
Peacemaker
Champions League XIs: Real Madrid
pecheneg
Largest US Cities 1790-2010
pecheneg
Rides in Walt Disney World
pecheneg
Most Oscar Losses (Acting)
pecheneg
Beyoncé Albums
pecheneg
Trending Topics
Kpop
Crossword
Anime
NBA
Disney
Marvel
Harry Potter
Soccer
The Office
Song
Puzzle
NFL
Country
WWE
Pokémon
Your Account Isn't Verified!
In order to create a playlist on Sporcle, you need to verify the email address you used during registration. Go to your
Sporcle Settings
to finish the process.
Report this User
Report this user for behavior that violates our
Community Guidelines
.
Details:
Send Report
Go to the Sporcle.com Mobile Site →
Comments